Vista normal
Vista MARC
Entrada Nombre personal
Número de registros utilizados en: 6
001 - NÚMERO DE CONTROL
- campo de control: 4464
003 - IDENTIFICADOR DE NÚMERO DE CONTROL
- campo de control: OSt
005 - FECHA Y HORA DE LA ÚLTIMA TRANSACCIÓN
- campo de control: 20221005155047.0
008 - ELEMENTOS DE DATO DE LONGITUD-FIJA
- campo de control de longitud fija: 221005|| aca||aabn | a|a d
040 ## - FUENTE DE CATALOGACIÓN
- Centro catalogador/agencia de origen: OSt
- Centro/agencia transcriptor: OSt
100 ## - ENCABEZAMIENTO-NOMBRE DE PERSONA
- Nombre de persona: HUTSEBAUT, Martin
670 ## - FUENTE DE DATOS ENCONTRADOS
- Cita de la fuente: Work cat.: (OSt)3755: INSTITUTO SINDICAL EUROPEO. Conferencia 1996 Bruselas 4462, Facing up to changes and challenges /, 1997